LEADER 01666nam a2200361 a 4500 001 000000125360 003 CaOOAMICUS 005 20110518122815.0 008 110518s2011 it 000 u ita r 020 $a978-88-211-2502-7 040 $aPUL$bita 082 04$a282.092 100 1 $aDobner, Cristiana.$0(OLS)http://pul/name/72022 245 10$aSe afferro la mano che mi sfiora... :$bEdith Stein: il linguaggio di Dio nel cuore della persona /$cCristiana Dobner ; prefazione di Lucetta Scaraffia. 260 $aMilano-Genova :$bMarietti 1820,$c©2011. 300 $a158 p. ;$c21 cm 490 1 $aL'eco ;$v56 504 $aBibliografia p. [155]-158. 600 04$aTheresia Benedicta a Cruce,$cs.,$d1891-1942.$0(OLS)http://pul/subject/4953 700 1 $aScaraffia, Lucetta,$d1948-$0(OLS)http://pul/name/13910 830 2$aL'eco ;$v56.$0(OLS)http://pul/title/90756 850 $aPUL 852 $aPUL$W1$xSL Religione 3$y85$m282. 092 DOBCR 1$j144370$qDDC 21$q $B143399$CPULBib$Z2$F143399 $H116773 $81 941 1 $a9 960 $aEdith Stein,$cs.,$d1891-1942$94953 960 $aStein, Edith,$cs.,$d1891-1942$94953 960 $aTeresia Benedicta a Cruce,$cs.,$d1891-1942$94953 960 $aTeresa Benedetta della Croce,? $cs.,$d1891-1942$94953 996 $6020$a978-88-211-2502-7$9(OLS)http://pul/number/147209 996 $6082$a282.092$9(OLS)http://pul/classification/402 996 $6245$aSe afferro la mano che mi sfiora... :$bEdith Stein: il linguaggio di Dio nel cuore della persona$9(OLS)http://pul/title/158068 996 $6260$aMilano-Genova :$bMarietti 1820$9(OLS)http://pul/publisher/75646 LEADER 01285nam a2200325 a 4500 001 000000127712 003 CaOOAMICUS 005 20120223102305.0 008 120223s2011 it u000 u ita r 040 $aPUL$bita 082 04$a241.5 100 1 $aNatoli, Salvatore.$0(OLS)http://pul/name/18434 245 10$aNon ti farai idolo nè immagine /$cSalvatore Natoli, Pierangelo Sequeri. 260 $aBologna :$bIl Mulino,$c2011. 300 $a143 p. ;$c18 cm 490 1 $aI Comandamenti 490 1 $aVoci 504 $aContiene riferimenti bibliografici. 650 4$aTeologia dogmatica.$0(OLS)http://pul/subject/663 650 4$aComandamenti.$0(OLS)http://pul/subject/36245 700 1 $aSequeri, Pierangelo,$csacerdote,$d1944-$0(OLS)http://pul/name/26510 830 0$aVoci.$0(OLS)http://pul/title/142843 830 2$aI Comandamenti.$0(OLS)http://pul/title/154185 850 $aPUL 852 $aPUL$W1$xSL Religione 3$y85$m241. 5 COLL 1.2$j147794$qDDC 21$B146391$CPULBib$Z2$F146391 $H118209 $82 941 1 $a9 996 $6082$a241.5$9(OLS)http://pul/classification/632 996 $6245$aNon ti farai idolo nè immagine$9(OLS)http://pul/title/161397 996 $6260$aBologna :$bIl Mulino$9(OLS)http://pul/publisher/47928